Statistics for New York City by Picture

Click here to take the quiz!

General Stats

  • This quiz has been taken 8,811 times
  • The average score is 11 of 15

Answer Stats

Answer % Correct
Statue of Liberty
100%
Empire State Building
98%
Central Park
96%
Times Square
86%
Brooklyn Bridge
85%
One World Trade Center
72%
{Coney} Island
72%
Grand Central Terminal
72%
Chrysler Building
71%
{Rockefeller} Center
69%
Guggenheim
65%
Flatiron Building
48%
George Washington Bridge
42%
New York Public Library
42%
{Flushing} Meadows
40%

Score Distribution

Percentile by Number Answered

Percent of People with Each Score

Your Score History

You have not taken this quiz